الخرافة والحكايات الشعبية فى أفريقيا / (رقم التسجيلة. 179557)

تفاصيل مارك
000 -LEADER
fixed length control field 01726namaa2200409 i 4500
003 - CONTROL NUMBER IDENTIFIER
control field EG-GICUC
005 - DATE AND TIME OF LATEST TRANSACTION
control field 20260418140558.0
008 - FIXED-LENGTH DATA ELEMENTS--GENERAL INFORMATION
fixed length control field 260418m20102012ua ao||jr|||| 000 0 ara d
017 ## - COPYRIGHT OR LEGAL DEPOSIT NUMBER
Copyright or legal deposit number 2010 / 7251
Assigning agency دار الكتب والوثائق القومية (مصر)
017 ## - COPYRIGHT OR LEGAL DEPOSIT NUMBER
Copyright or legal deposit number 2011 / 7253
Assigning agency دار الكتب والوثائق القومية (مصر)
020 ## - INTERNATIONAL STANDARD BOOK NUMBER
International Standard Book Number 9789777040051
020 ## - INTERNATIONAL STANDARD BOOK NUMBER
International Standard Book Number 9789777045940
040 ## - CATALOGING SOURCE
Original cataloging agency EG-GiCUC
Language of cataloging ara
Transcribing agency EG-GiCUC
Modifying agency EG-GiCUC
Description conventions rda
043 ## - GEOGRAPHIC AREA CODE
Geographic area code f------
082 04 - DEWEY DECIMAL CLASSIFICATION NUMBER
Edition number 21
Classification number 398.232
Item number K459
092 04 - LOCALLY ASSIGNED DEWEY CALL NUMBER (OCLC)
Edition number 21
Classification number 398.232
Item number K459
099 ## - LOCAL FREE-TEXT CALL NUMBER (OCLC)
Classification number 398.2326 K459
100 1# - MAIN ENTRY--PERSONAL NAME
Relator term مؤلف.
245 #2 - TITLE STATEMENT
Title الخرافة والحكايات الشعبية فى أفريقيا /
Statement of responsibility, etc. ترجمة وتقديم عبد الرحمن الخميسى.
250 ## - EDITION STATEMENT
Edition statement الطبعة الاولى
264 ## - PRODUCTION, PUBLICATION, DISTRIBUTION, MANUFACTURE, AND COPYRIGHT NOTICE
Place of production, publication, distribution, manufacture القاهرة (مصر) :
Name of producer, publisher, distributor, manufacturer المركز القومى للترجمة،
Date of production, publication, distribution, manufacture, or copyright notice 2010-2012.
300 ## - PHYSICAL DESCRIPTION
Extent مجلد 2 :
Other physical details إيضاحيات، صور ؛
Dimensions 24 سم.
336 ## - CONTENT TYPE
Source rdacontent
Content type term text
337 ## - MEDIA TYPE
Source rdamedia
Media type term Unmediated
338 ## - CARRIER TYPE
Source rdacarrier
Carrier type term volume
490 ## - SERIES STATEMENT
Series statement المشروع القومى للترجمة ؛
Volume/sequential designation 1933
490 ## - SERIES STATEMENT
Series statement المشروع القومى للترجمة ؛
Volume/sequential designation 1551
504 ## - BIBLIOGRAPHY, ETC. NOTE
Bibliography, etc. note يشتمل على ارجاعات ببليوجرافية.
541 ## - IMMEDIATE SOURCE OF ACQUISITION NOTE
Source of acquisition د. جابر عصفور ؛
Address القاهرة ؛
Method of acquisition إهداء ؛
Date of acquisition 2024.
650 17 - SUBJECT ADDED ENTRY--TOPICAL TERM
Topical term or geographic name entry element الخرافات فى الادب الشعبى
Geographic subdivision افريقيا
Source of heading or term qrmak
650 17 - SUBJECT ADDED ENTRY--TOPICAL TERM
Topical term or geographic name entry element القصص الخرافية
Geographic subdivision افريقيا
Source of heading or term qrmak
650 17 - SUBJECT ADDED ENTRY--TOPICAL TERM
Topical term or geographic name entry element القصص الشعبية
Source of heading or term qrmak
651 1# - SUBJECT ADDED ENTRY--GEOGRAPHIC NAME
Source of heading or term qrmak
700 1# - ADDED ENTRY--PERSONAL NAME
Personal name الخميسى، عبد الرحمن عبد الرحمن
Relator term مترجم.
-- مقدم.
905 ## - Cataloger and Reviser Names
Cataloger Name Aya Mohamed
942 ## - ADDED ENTRY ELEMENTS (KOHA)
Source of classification or shelving scheme Dewey Decimal Classification
Koha item type Books
Edition 21
Suppress in OPAC No
المقتنيات
Withdrawn status Lost status Source of classification or shelving scheme Damaged status Not for loan Home library Current library Date acquired Inventory number Total checkouts Full call number Barcode Date last seen Price effective from Koha item type
    Dewey Decimal Classification   Not for loan المكتبة المركزبة الجديدة - جامعة القاهرة قاعة المكتبات المهداة - الدور الرابع 18.04.2026 175212   398.2326 K459 v.1 J.U. 01000100175212001 18.04.2026 18.04.2026 Books
    Dewey Decimal Classification   Not for loan المكتبة المركزبة الجديدة - جامعة القاهرة قاعة المكتبات المهداة - الدور الرابع 18.04.2026 175212   398.2326 K459 v.2 J.U. 01000100175212002 18.04.2026 18.04.2026 Books
Cairo University Libraries Portal Implemented & Customized by: Eng. M. Mohamady Contacts: new-lib@cl.cu.edu.eg | cnul@cl.cu.edu.eg
CUCL logo CNUL logo
© All rights reserved — Cairo University Libraries
CUCL logo
Implemented & Customized by: Eng. M. Mohamady Contact: new-lib@cl.cu.edu.eg © All rights reserved — New Central Library
CNUL logo
Implemented & Customized by: Eng. M. Mohamady Contact: cnul@cl.cu.edu.eg © All rights reserved — Cairo National University Library